000 010610000a22002530004500
003 EG-GICUC
005 20250223030138.0
008 091122s1966 ua d f m 000 0 ara d
040 _aEG-GiCUC
_bara
_cEG-GiCUC
041 0 _aara
049 _aايداع
097 _aدكتوراه
099 _aCai01.02.19.Ph.D.1966.شم.ت
100 0 _aشمس الدين الرفاعى
245 1 0 _aتاريخ الصحافة السورية :
_bمنذ الاحتلال حتى الأستقلال 1800-1946 /
_cشمس الدين الرفاعى ؛ اشراف عبداللطيف احمد حمزه
260 _aالقاهرة :
_bشمس الدين الرفاعى :
_c1966
300 _a529ورقة :
_bرسوم بيانية ؛
_c30سم
502 _aاطروحة(دكتوراه) - جامعة القاهرة - كلية الاداب - قسم الاعلام والصحافة
700 0 _aعبداللطيف احمد حمزه :
_eمشرف
856 _uhttp://172.23.153.220/th.pdf
905 _aEnas
_eCataloger
905 _aMustafa
_eRevisor
942 _2ddc
_cTH
999 _c28540
_d28540